000 00693nam a2200253Ia 4500
003 OSt
005 20221007102001.0
006 a|||||r|||| 00| 0
007 ta
008 221006b |||||||| |||| 00| 0 eng d
020 _a406117004
024 _a9,073
037 _cTextual
040 _aLCO
_cLCO
_beng
041 _2eng
_aeng
082 _aY11:44obZ3,8, L3; 1
100 _aBevan H.K.
_9688699
245 0 _aLaw Relating to Children
260 _aLondon
_bButterworths & Co. (Publishers) Ltd. U.K.
_c1973
300 _a522
650 _aCHILDREN
_917580
942 _hY11:44obZ3,8, L3; 1
_cTEXL
999 _c1178636
_d1178636